000 00406nam a2200169Ia 4500
003 STCL
008 181203s9999 xx 000 0 und d
020 _a9788184873160
040 _aSTCL
_bEN
_cSTCL
082 _222
100 _aWahab, M. A.
245 0 _aEssentials of Crystallography
260 _bNarosa Publishing House
_aNew Delhi
_c2014
300 _a336
546 _aEnglish
942 _2ddc
_cBK
999 _c83159
_d83159